000 00588nam a2200193 a 4500
005 20210223125555.0
008 030219s2002 mx r 000 0 spa d
020 _a9706611843
035 _aUPN01000137157
049 _aCG
050 4 _aHD59
_bV4.7
245 0 3 _aEl verdadero poder de las relaciones públicas /
_cRuby Aizen ... [et al.].
260 _aMéxico :
_bLibro para Todos :
_bAcademia Nacional de Relaciones Públicas,
_cc2002.
300 _a179 p.
440 0 _aAdministración
650 4 _aRELACIONES PUBLICAS
_96171
700 1 _aAizen, Ruby,
_ecoaut.
905 _aLibro
999 _c109308
_d109308